[Event "chess.com SpeedChess Q1Sw"]
[Site "chess.com INT"]
[Date "2022.11.10"]
[Round "9"]
[White "Riehle, Marco"]
[Black "Balaji, Aaravamudhan"]
[Result "0-1"]
[WhiteTitle "FM"]
[BlackTitle "CM"]
[WhiteElo "2355"]
[BlackElo "2353"]
[WhiteFideId "12904392"]
[BlackFideId "436224"]
[EventDate "2022.11.10"]

1. e4 e6 2. c4 d5 3. cxd5 exd5 4. Qb3 Nf6 5. e5 Ne4 6. Nc3 c6 7. d4 Qb6 8. Qxb6
axb6 9. Bd3 Bb4 10. Bd2 Nxd2 11. Kxd2 c5 12. Ne2 Nc6 13. Ke3 cxd4+ 14. Nxd4 Bc5
15. Nb5 Ra4 16. b4 Rxb4 17. Rab1 Nxd4 18. Nxd4 Bxd4+ 19. Ke2 Rxb1 20. Rxb1 Bxe5
21. Rxb6 Kd8 22. Rb5 Kc7 23. Rxd5 Bd6 24. g3 Be6 25. Ra5 h6 26. f4 Kb6 27. Rb5+
Kc6 28. Ra5 b6 29. Be4+ Kd7 30. Ra7+ Bc7 31. Kd3 Re8 32. f5 Bc4+ 33. Kd4 Bb5 34.
g4 Bc6 35. Bd3 Kc8 36. Bc4 Re7 37. Ra3 Be5+ 38. Kd3 Be4+ 39. Kd2 Bxh2 40. Rc3
Bf4+ 41. Kd1 Kb7 42. Bb3 Rd7+ 43. Ke2 Rd2+ 44. Kf1 Bd3+ 45. Ke1 f6 46. Bd5+ Kb8
47. Rb3 Kc7 48. Rc3+ Kd6 49. Bf3 Bb5 50. Rb3 Kc5 51. Rc3+ Kd4 52. Rb3 Bc4 53.
Rxb6 Ke3 54. Bd1 Bg3# 0-1

[Event "chess.com SpeedChess Q1Sw"]
[Site "chess.com INT"]
[Date "2022.11.10"]
[Round "9"]
[White "Duda, Jan-Krzysztof"]
[Black "Lazavik, Denis"]
[Result "0-1"]
[WhiteTitle "GM"]
[BlackTitle "IM"]
[WhiteElo "2731"]
[BlackElo "2529"]
[WhiteFideId "1170546"]
[BlackFideId "13515110"]
[EventDate "2022.11.10"]

1. Nf3 d5 2. c4 e6 3. e3 Nf6 4. b3 Be7 5. Bb2 O-O 6. Rg1 c5 7. g4 Nc6 8. g5 Ne4
9. h4 b6 10. cxd5 exd5 11. d3 Nd6 12. Nbd2 Be6 13. a3 Rc8 14. Qc2 d4 15. e4 b5
16. h5 a5 17. Rc1 Qb6 18. Qxc5 Qb7 19. Qc2 a4 20. bxa4 bxa4 21. Qb1 Rb8 22. Ba1
Nb5 23. h6 g6 24. Qc2 Bxa3 25. Rb1 Nb4 26. Qxa4 Ra8 27. Rxb4 Rxa4 28. Rxa4 Bc5
29. Be2 Ra8 30. Bd1 Nc3 31. Rxa8+ Qxa8 32. Bxc3 dxc3 33. Nb3 Bxb3 34. Bxb3 Qa1+ 0-1

[Event "chess.com SpeedChess Q1Sw"]
[Site "chess.com INT"]
[Date "2022.11.10"]
[Round "9"]
[White "Predke, Alexandr"]
[Black "Matinian, Nikita"]
[Result "1-0"]
[WhiteTitle "GM"]
[BlackTitle "GM"]
[WhiteElo "2684"]
[BlackElo "2425"]
[WhiteFideId "24107581"]
[BlackFideId "24129100"]
[EventDate "2022.11.10"]

1. Nf3 Nf6 2. c4 g6 3. Nc3 Bg7 4. e4 O-O 5. d4 d6 6. Be2 e5 7. O-O h6 8. Re1 Nc6
9. d5 Ne7 10. b4 Nd7 11. c5 dxc5 12. bxc5 Nxc5 13. Ba3 b6 14. Bxc5 bxc5 15. Na4
f5 16. Nxc5 fxe4 17. Nxe4 Qxd5 18. Qc2 Qc6 19. Qxc6 Nxc6 20. Bc4+ Kh8 21. Bd5
Bd7 22. Rac1 Nb4 23. Bxa8 Rxa8 24. Rxc7 Bf5 25. Nd6 Nd3 26. Nxf5 gxf5 27. Rb1
Rd8 28. g3 e4 29. Nh4 f4 30. Rbb7 Bd4 31. Nf5 Bxf2+ 32. Kg2 f3+ 33. Kh3 Bd4 34.
Rh7+ Kg8 35. Nxh6+ Kf8 36. Rhf7+ Ke8 37. Rbe7# 1-0

[Event "chess.com SpeedChess Q1Sw"]
[Site "chess.com INT"]
[Date "2022.11.10"]
[Round "9"]
[White "Ter-Sahakyan, Samvel"]
[Black "Aditya, Mittal"]
[Result "1/2-1/2"]
[WhiteTitle "GM"]
[BlackTitle "IM"]
[WhiteElo "2605"]
[BlackElo "2486"]
[WhiteFideId "13302531"]
[BlackFideId "35042025"]
[EventDate "2022.11.10"]

1. d4 Nf6 2. Nf3 d5 3. c4 e6 4. Nc3 c5 5. cxd5 cxd4 6. Qxd4 exd5 7. e4 dxe4 8.
Qxd8+ Kxd8 9. Ng5 Be6 10. a3 Nbd7 11. Bf4 Rc8 12. g3 h6 13. Nxe6+ fxe6 14. Bg2
g5 15. Be3 Bc5 16. Bd2 Ne5 17. Ke2 Rf8 18. Rhf1 Nc4 19. Nxe4 Nxe4 20. Bxe4 Nxd2
21. Rad1 Ke7 22. Rxd2 Rfd8 23. Rxd8 Rxd8 24. b4 Bd4 25. Bxb7 Bb2 26. a4 Rb8 27.
Rb1 Ba3 28. Bc6 Rxb4 29. Rd1 Rb2+ 30. Rd2 Rxd2+ 31. Kxd2 Bc5 32. Ke2 e5 33. f3
Kf6 34. Kd3 Bg1 35. h3 Bf2 36. g4 a5 37. Ke4 Be1 38. Bb5 1/2-1/2

[Event "chess.com SpeedChess Q1Sw"]
[Site "chess.com INT"]
[Date "2022.11.10"]
[Round "9"]
[White "Namitbir, Singh Walia"]
[Black "Manukyan, Sargis A."]
[Result "1-0"]
[WhiteTitle "FM"]
[BlackTitle "FM"]
[WhiteElo "2339"]
[BlackElo "2163"]
[WhiteFideId "35071068"]
[BlackFideId "13303970"]
[EventDate "2022.11.10"]

1. e4 c5 2. Nf3 d6 3. d4 cxd4 4. Nxd4 Nf6 5. Nc3 g6 6. Be3 Bg7 7. Be2 O-O 8. O-O
Nc6 9. Kh1 d5 10. exd5 Nxd5 11. Nxd5 Qxd5 12. Bf3 Qd7 13. Nxc6 bxc6 14. c3 Qc7
15. Qc1 a5 16. Bf4 e5 17. Bh6 Be6 18. Bxg7 Kxg7 19. Qe3 f5 20. Qc5 e4 21. Be2
Rfd8 22. Rfd1 Kf7 23. Bc4 Bxc4 24. Qxc4+ Ke7 25. Qc5+ Kf7 26. h3 Rab8 27. Qc4+
Kg7 28. b3 Rbc8 29. Rd4 Qf7 30. Qc5 Rxd4 31. Qxd4+ Kg8 32. Rd1 c5 33. Qe5 c4 34.
bxc4 Qxc4 35. Rd7 Qxc3 36. Rd8+ Kf7 37. Qe8+ Kf6 38. Rxc8 Qe1+ 39. Kh2 Qxf2 40.
Qd8+ Kg7 41. Qc7+ Kh6 42. Qg3 Qd2 43. Qh4+ Kg7 44. Rc7+ Kf8 45. Qf6+ Ke8 46.
Qe7# 1-0

[Event "chess.com SpeedChess Q1Sw"]
[Site "chess.com INT"]
[Date "2022.11.10"]
[Round "9"]
[White "Martinez Alcantara, Jose Eduardo"]
[Black "Chigaev, Maksim"]
[Result "1/2-1/2"]
[WhiteTitle "GM"]
[BlackTitle "GM"]
[WhiteElo "2597"]
[BlackElo "2632"]
[WhiteFideId "3805662"]
[BlackFideId "4108116"]
[EventDate "2022.11.10"]

1. e4 c5 2. Nf3 e6 3. c3 d5 4. exd5 Qxd5 5. d4 Nf6 6. Be3 cxd4 7. cxd4 Bb4+ 8.
Nc3 O-O 9. Bd3 b6 10. Qe2 Bb7 11. O-O Qh5 12. Ne5 Qxe2 13. Bxe2 Nbd7 14. Nxd7
Nxd7 15. a3 Be7 16. Rac1 Nf6 17. Rc2 Rac8 18. Rfc1 Rfd8 19. f3 h6 20. Kf2 Kf8
21. Nb5 a6 22. Nc3 b5 23. Bd3 Bd6 24. Ne4 Rxc2+ 25. Rxc2 Bxe4 26. Bxe4 Nxe4+ 27.
fxe4 a5 28. Rc6 f6 29. Rb6 b4 30. a4 Ke7 31. Rb5 Rc8 32. Kf3 Rc2 33. Rxa5 Rxb2
34. Ra7+ Kf8 35. Ra6 Ke7 36. Ra7+ Kf8 37. Ra6 Ke7 1/2-1/2

[Event "chess.com SpeedChess Q1Sw"]
[Site "chess.com INT"]
[Date "2022.11.10"]
[Round "9"]
[White "Rohith, Krishna S"]
[Black "Omariev, Maksim"]
[Result "0-1"]
[WhiteTitle "FM"]
[BlackTitle "FM"]
[WhiteElo "2380"]
[BlackElo "2304"]
[WhiteFideId "46617051"]
[BlackFideId "4193423"]
[EventDate "2022.11.10"]

1. Nf3 d5 2. g3 Nf6 3. Bg2 c6 4. O-O Bf5 5. d4 e6 6. Nfd2 Be7 7. c4 h5 8. h4 g5
9. hxg5 Ng4 10. e4 dxe4 11. Nxe4 Bxe4 12. Bxe4 Bxg5 13. Nc3 Nd7 14. d5 Bxc1 15.
Rxc1 Nde5 16. dxe6 fxe6 17. c5 Qe7 18. Bf3 Rd8 19. Qe2 Qxc5 20. Ne4 Qe7 21. Rfd1
O-O 22. Bxg4 hxg4 23. Kg2 Kg7 24. Rh1 Rh8 25. Nc5 Qf6 26. Nxb7 Qf3+ 27. Qxf3
gxf3+ 28. Kg1 Rxh1+ 29. Kxh1 Rd2 30. Nc5 Rxf2 31. Nxe6+ Kf6 32. Nf4 Ng4 33.
Rxc6+ Kf5 34. Rc5+ Kf6 35. Nd5+ Kf7 36. Rc7+ Ke6 37. Nf4+ Kd6 38. Rc1 Rh2+ 39.
Kg1 f2+ 40. Kf1 Rh1+ 41. Ke2 Rxc1 0-1

[Event "chess.com SpeedChess Q1Sw"]
[Site "chess.com INT"]
[Date "2022.11.10"]
[Round "9"]
[White "Odegov, Artem"]
[Black "Harshavardhan, G B"]
[Result "0-1"]
[WhiteTitle "FM"]
[BlackTitle "IM"]
[WhiteElo "2286"]
[BlackElo "2426"]
[WhiteFideId "34183644"]
[BlackFideId "25059009"]
[EventDate "2022.11.10"]

1. d4 Nf6 2. c4 e6 3. Nf3 d5 4. Nc3 dxc4 5. e4 Bb4 6. Bg5 c5 7. Bxc4 cxd4 8.
Nxd4 Bxc3+ 9. bxc3 Qa5 10. Bxf6 gxf6 11. O-O O-O 12. Rb1 Nd7 13. f4 Kh8 14. Rf3
Rg8 15. Rb5 Qc7 16. Qe2 b6 17. Rh5 Nf8 18. Rfh3 Qxf4 19. e5 f5 20. R5h4 Qc1+ 21.
Kf2 Bb7 22. g3 Qxc3 23. Nb5 Qb4 24. Nd6 Qc5+ 25. Kf1 Bd5 26. Rxh7+ Nxh7 27.
Rxh7+ Kxh7 28. Qh5+ Kg7 29. Qg5+ Kf8 30. Qh6+ Rg7 31. Qh8+ Ke7 32. Qxa8 Bxa8 0-1

[Event "chess.com SpeedChess Q1Sw"]
[Site "chess.com INT"]
[Date "2022.11.10"]
[Round "9"]
[White "Mamedyarov, Shakhriyar"]
[Black "Shimanov, Aleksandr"]
[Result "0-1"]
[WhiteTitle "GM"]
[BlackTitle "GM"]
[WhiteElo "2741"]
[BlackElo "2581"]
[WhiteFideId "13401319"]
[BlackFideId "4198603"]
[EventDate "2022.11.10"]

1. d4 Nf6 2. Bg5 Ne4 3. Bf4 d5 4. f3 Nf6 5. Nc3 c5 6. e4 dxe4 7. d5 g6 8. fxe4
Bg7 9. Nf3 O-O 10. Qd2 e6 11. d6 Nc6 12. O-O-O Nd7 13. Bb5 Nd4 14. Bxd7 Bxd7 15.
Bh6 Nxf3 16. gxf3 Qf6 17. Bxg7 Kxg7 18. Qe3 b5 19. e5 Qf5 20. f4 Bc6 21. Rhg1 h6
22. Ne2 Qe4 23. Qxe4 Bxe4 24. d7 Bf3 25. Rd2 Bxe2 26. Rxe2 Rfd8 27. Rd2 Rab8 28.
Rgd1 Rb7 29. Rd6 c4 30. b3 cxb3 31. axb3 Kf8 32. Kb2 Ke7 33. Ra6 b4 34. Rd4
Rdxd7 35. Rc4 Rd2 36. h4 Rh2 37. Rc8 Rxh4 38. Rd6 Rd7 0-1

[Event "chess.com SpeedChess Q1Sw"]
[Site "chess.com INT"]
[Date "2022.11.10"]
[Round "9"]
[White "Salem, A.R. Saleh"]
[Black "Bartel, Mateusz"]
[Result "0-1"]
[WhiteTitle "GM"]
[BlackTitle "GM"]
[WhiteElo "2677"]
[BlackElo "2627"]
[WhiteFideId "9301348"]
[BlackFideId "1112635"]
[EventDate "2022.11.10"]

1. d4 e6 2. c4 b6 3. Nc3 Bb7 4. e4 Bb4 5. f3 Ne7 6. Bd3 e5 7. d5 Bxc3+ 8. bxc3
d6 9. Ne2 Nd7 10. O-O O-O 11. Be3 Qe8 12. a4 a5 13. Ng3 Ba6 14. h4 Kh8 15. h5 h6
16. Rf2 Nc5 17. f4 exf4 18. Rxf4 f6 19. Qc2 Nxd5 20. cxd5 Bxd3 21. Qd1 Nxe4 22.
Qxd3 Nxg3 23. Rg4 Nxh5 24. Rf1 f5 25. Rh4 Qg6 26. Rf3 Kg8 27. Bd4 Rae8 28. g4
Nf6 29. Rxf5 Ne4 30. Rxf8+ Rxf8 31. Qe2 Ng5 32. Kg2 Nf3 0-1

[Event "chess.com SpeedChess Q1Sw"]
[Site "chess.com INT"]
[Date "2022.11.10"]
[Round "9"]
[White "Sattarov, Bobir"]
[Black "Donchenko, Alexander"]
[Result "1-0"]
[BlackTitle "GM"]
[WhiteElo "2433"]
[BlackElo "2645"]
[WhiteFideId "14203081"]
[BlackFideId "24603295"]
[EventDate "2022.11.10"]

1. e4 c5 2. Nc3 a6 3. g3 b5 4. Bg2 Bb7 5. Nge2 e6 6. d4 cxd4 7. Nxd4 d6 8. O-O
Be7 9. Re1 Nd7 10. a4 b4 11. Nd5 exd5 12. exd5 Kf8 13. a5 Bf6 14. Nc6 Qc7 15.
Ra4 Ne7 16. Rxb4 Bxc6 17. dxc6 Nc5 18. Rc4 Rb8 19. b4 Ne6 20. Be3 Rb5 21. Bb6
Qc8 22. Qxd6 g6 23. Bh3 Rd5 24. Bxe6 fxe6 25. Qxe6 Qxe6 26. Rxe6 Kf7 27. Re1 Rc8
28. c7 Be5 29. Rce4 Bf6 30. c4 Rh5 31. g4 Rh3 32. R1e3 Rxe3 33. Rxe3 Nc6 34. b5
Ne5 35. g5 Bg7 36. Re4 axb5 37. cxb5 Nd7 38. f4 Bc3 39. Rc4 Bd2 40. Kg2 Ke6 41.
Rc6+ Kd5 42. Kf3 1-0

[Event "chess.com SpeedChess Q1Sw"]
[Site "chess.com INT"]
[Date "2022.11.10"]
[Round "9"]
[White "Firat, Burak"]
[Black "Vaibhav, Jayant Raut"]
[Result "1-0"]
[WhiteTitle "GM"]
[BlackTitle "CM"]
[WhiteElo "2460"]
[BlackElo "2247"]
[WhiteFideId "6305881"]
[BlackFideId "5089034"]
[EventDate "2022.11.10"]

1. Nf3 Nf6 2. d4 e6 3. c4 Bb4+ 4. Nbd2 O-O 5. a3 Bxd2+ 6. Bxd2 b6 7. g3 Bb7 8.
Bg2 d6 9. O-O Nbd7 10. b4 a5 11. bxa5 bxa5 12. Qc2 Be4 13. Qc3 Qe7 14. Bh3 h6
15. Ne1 e5 16. d5 Nc5 17. f3 Bg6 18. e4 Nfd7 19. Nd3 Nxd3 20. Qxd3 Nc5 21. Qc2
a4 22. Be3 Nb3 23. Rad1 Rab8 24. Rfe1 Bh5 25. Kg2 Rb7 26. Re2 Rfb8 27. c5 dxc5
28. Qc4 Nd4 29. Bxd4 cxd4 30. Qxa4 Rb3 31. Rf2 Rxa3 32. Qc4 Rbb3 33. Rdf1 Qf6
34. Qxc7 Bg6 35. d6 Ra8 36. Rc1 d3 37. Qc8+ Rxc8 38. Rxc8+ Kh7 39. d7 d2 40.
d8=Q Qxd8 41. Rxd8 Rb1 42. Rdxd2 1-0

[Event "chess.com SpeedChess Q1Sw"]
[Site "chess.com INT"]
[Date "2022.11.10"]
[Round "9"]
[White "Terry, Renato"]
[Black "Pranav, Anand"]
[Result "1-0"]
[WhiteTitle "IM"]
[BlackTitle "IM"]
[WhiteElo "2516"]
[BlackElo "2502"]
[WhiteFideId "3803457"]
[BlackFideId "46626786"]
[EventDate "2022.11.10"]

1. d4 Nf6 2. Nf3 g6 3. Bg5 Bg7 4. c3 h6 5. Bh4 d6 6. Nbd2 g5 7. Bg3 Nh5 8. e4
Nxg3 9. hxg3 c5 10. dxc5 dxc5 11. Bb5+ Nd7 12. a4 a6 13. Be2 O-O 14. Nc4 b6 15.
Qd5 Rb8 16. Rd1 Qc7 17. e5 b5 18. axb5 axb5 19. Na3 Nxe5 20. Nxe5 Qxe5 21. Qxe5
Bxe5 22. Bxb5 Kg7 23. Rd2 Bf5 24. O-O h5 25. Rd5 Kf6 26. Rxc5 Bd6 27. Rc6 Kg7
28. c4 Be4 29. Ra6 h4 30. gxh4 gxh4 31. Re1 Bf5 32. Nb1 Rh8 33. Nc3 h3 34. g3
h2+ 35. Kg2 Bc8 36. Ra7 Bc5 37. Rc7 Bb7+ 38. Rxb7 Rxb7 39. Ne4 Bd4 40. b3 f5 41.
Ng5 Bxf2 42. Rh1 Bg1 43. Nf3 Ra7 44. Nxg1 Ra2+ 45. Kf3 Ra1 46. Kg2 Rxg1+ 47.
Rxg1 h1=Q+ 48. Rxh1 1-0

[Event "chess.com SpeedChess Q1Sw"]
[Site "chess.com INT"]
[Date "2022.11.10"]
[Round "9"]
[White "Kopylov, Alexander A."]
[Black "Tsydypov, Zhamsaran"]
[Result "1-0"]
[WhiteTitle "IM"]
[BlackTitle "GM"]
[WhiteElo "2397"]
[BlackElo "2534"]
[WhiteFideId "4164857"]
[BlackFideId "4108566"]
[EventDate "2022.11.10"]

1. d4 g6 2. Nf3 Bg7 3. g3 Nf6 4. Bg2 O-O 5. O-O d6 6. a4 Nbd7 7. a5 Re8 8. Nc3
a6 9. e4 e5 10. h3 exd4 11. Nxd4 Nc5 12. Re1 Rb8 13. Bf4 Nfd7 14. Nd5 Ne5 15.
Rb1 Ne6 16. Be3 Nc4 17. Nxe6 fxe6 18. Nf4 Nxa5 19. b3 c5 20. Qd2 b6 21. Rbd1 Rb7
22. h4 Rf7 23. h5 g5 24. Ne2 g4 25. h6 Bf8 26. Nf4 Nc6 27. Nh5 Be7 28. Bf4 e5
29. Be3 Nd4 30. Ng7 Ref8 31. c3 Nf3+ 32. Bxf3 gxf3 33. Qd5 Kh8 34. Qc6 Bd7 35.
Qd5 Qc8 36. Kh2 Bh3 37. Rg1 Rf6 38. Bg5 Bg2 39. Rxg2 fxg2 40. Bxf6 Rxf6 41. Kxg2
Bf8 42. Nf5 Qe8 43. Rh1 Qg6 44. Qb7 Qg4 45. Rh4 Qg5 46. Qd7 Qg6 47. f3 Qg7 48.
hxg7+ 1-0

[Event "chess.com SpeedChess Q1Sw"]
[Site "chess.com INT"]
[Date "2022.11.10"]
[Round "9"]
[White "Mamedov, Rauf"]
[Black "Narayanan, S.L."]
[Result "0-1"]
[WhiteTitle "GM"]
[BlackTitle "GM"]
[WhiteElo "2646"]
[BlackElo "2673"]
[WhiteFideId "13401653"]
[BlackFideId "5058422"]
[EventDate "2022.11.10"]

1. e4 c6 2. Nf3 d5 3. e5 c5 4. c4 d4 5. g3 Nc6 6. Bg2 e6 7. O-O Nge7 8. d3 Ng6
9. Re1 Be7 10. h4 h6 11. h5 Nf8 12. a3 a5 13. Qe2 Qc7 14. Nbd2 Bd7 15. Ne4 g5
16. Nf6+ Bxf6 17. exf6 Nh7 18. Bd2 Nxf6 19. b4 axb4 20. axb4 Rxa1 21. Rxa1 cxb4
22. Ra8+ Bc8 23. Ne5 O-O 24. Nxc6 bxc6 25. Bxb4 c5 26. Ba5 Qd6 27. Ra7 Qb8 28.
Rc7 Nd7 29. Bc6 Nf6 30. Qf3 Kg7 31. Bb5 e5 32. Rxc5 Bg4 33. Qc6 Rc8 34. Bc7 Qa7
35. Kg2 Bxh5 36. Qd6 Qb7+ 37. Rc6 Ng4 38. Ba6 Qb2 39. Qxe5+ Nxe5 40. Bxe5+ Kh7
41. Bxc8 Bg6 42. Rd6 Bxd3 43. Bxd4 Qe2 44. Bb7 Be4+ 45. Bxe4+ Qxe4+ 46. Kg1 h5
47. c5 h4 48. gxh4 gxh4 49. Kh2 f5 50. c6 Qf4+ 51. Kg2 Qxd6 0-1

[Event "chess.com SpeedChess Q1Sw"]
[Site "chess.com INT"]
[Date "2022.11.10"]
[Round "9"]
[White "Lewtak, Damian"]
[Black "Lopez Martinez, Josep Manuel"]
[Result "1-0"]
[WhiteTitle "IM"]
[BlackTitle "GM"]
[WhiteElo "2385"]
[BlackElo "2493"]
[WhiteFideId "1141724"]
[BlackFideId "2212943"]
[EventDate "2022.11.10"]

1. f4 d5 2. Nf3 c6 3. b3 Bg4 4. Ne5 Bf5 5. Bb2 f6 6. Nf3 c5 7. e3 Nc6 8. Bb5 Rc8
9. O-O Nh6 10. d3 Qd7 11. Nbd2 Bg4 12. Qe1 a6 13. Bxc6 Rxc6 14. e4 d4 15. h3 Bh5
16. Qh4 Bf7 17. a4 b6 18. Nc4 g6 19. e5 Nf5 20. Qf2 Bd5 21. Rfe1 Kf7 22. exf6
Bxc4 23. fxe7 Bg7 24. bxc4 Re8 25. Qe2 Rxe7 26. Ng5+ Kg8 27. Qf3 h6 28. Ne4 Rce6
29. a5 b5 30. Re2 Qc6 31. Rae1 bxc4 32. Ba3 cxd3 33. cxd3 Ne3 34. Nxc5 Qxf3 35.
gxf3 Rc6 36. Nb3 Rd7 37. Bb2 Nf5 38. Nd2 Rc2 39. Nc4 Rxb2 40. Rxb2 Nh4 41. Kf2
Rf7 42. Rb8+ Kh7 43. Re4 g5 44. Rb6 gxf4 45. Rxa6 Ng6 46. Rb6 1-0

[Event "chess.com SpeedChess Q1Sw"]
[Site "chess.com INT"]
[Date "2022.11.10"]
[Round "9"]
[White "Dushyant, Sharma"]
[Black "Nguyen Hong Nhung"]
[Result "1-0"]
[WhiteTitle "IM"]
[BlackTitle "WFM"]
[WhiteElo "2370"]
[BlackElo "2003"]
[WhiteFideId "25065130"]
[BlackFideId "12412201"]
[EventDate "2022.11.10"]

1. e4 c5 2. Nf3 e6 3. d4 cxd4 4. Nxd4 Nc6 5. Nc3 Qc7 6. f4 a6 7. Be3 d6 8. Bd3
Nf6 9. O-O Be7 10. Kh1 b5 11. a3 Bb7 12. Qe1 O-O 13. Qg3 Rfe8 14. Rae1 Na5 15.
e5 Nd7 16. f5 Nxe5 17. f6 Bf8 18. fxg7 Bxg7 19. Bh6 Ng6 20. Bxg7 Kxg7 21. Ne4
Bxe4 22. Bxe4 Rad8 23. Nf3 Qc5 24. Ng5 f5 25. b4 Qe5 26. Qh3 h6 27. Bxf5 exf5
28. Rxe5 Rxe5 29. Nf3 Re2 30. bxa5 Rf8 31. Qg3 Kh7 32. Qxd6 Rf7 33. Nd4 Rd2 34.
h3 f4 35. Qe6 Re7 36. Qf6 Rd7 37. Ne6 R2d6 38. Nf8+ Nxf8 39. Qxf8 Rd4 40. Rxf4
Rd1+ 41. Kh2 R1d2 42. Rf7+ Rxf7 43. Qxf7+ Kh8 44. Qe8+ Kg7 45. Qe5+ Kg6 46. Qe4+
Kg7 47. Qe5+ Kg6 48. Qg3+ Kh7 49. Qc7+ Kg6 50. Qc6+ Kg7 51. Qc3+ 1-0

[Event "chess.com SpeedChess Q1Sw"]
[Site "chess.com INT"]
[Date "2022.11.10"]
[Round "9"]
[White "Zhigalko, Sergei"]
[Black "Csonka, Balazs"]
[Result "1/2-1/2"]
[WhiteTitle "GM"]
[BlackTitle "IM"]
[WhiteElo "2572"]
[BlackElo "2497"]
[WhiteFideId "13502956"]
[BlackFideId "742910"]
[EventDate "2022.11.10"]

1. e4 c5 2. Nf3 e6 3. c3 Nf6 4. e5 Nd5 5. Bc4 d6 6. d4 cxd4 7. cxd4 dxe5 8. dxe5
Be7 9. O-O O-O 10. Qe2 Bd7 11. Rd1 Bc6 12. Bxd5 Bxd5 13. Nc3 Bxf3 14. Qxf3 Qb6
15. Ne4 Nc6 16. Nf6+ Bxf6 17. exf6 Rfd8 18. fxg7 Ne5 19. Qh5 Rxd1+ 20. Qxd1 Rd8
21. Qe2 Nd3 22. Bg5 Rd5 23. Bf6 Nxf2 24. Qxf2 Qxf2+ 25. Kxf2 Rf5+ 26. Ke3 Rxf6
27. Rc1 Rf5 28. Rc7 Rb5 29. b3 Kxg7 30. g4 Kg6 31. h4 h5 32. gxh5+ Kxh5 33. Rxf7
Kxh4 34. Re7 Kg5 35. Rxe6 Kf5 36. Rh6 Rb6 37. Rxb6 axb6 38. Kd4 Ke6 39. Kc4 Kd6
40. Kb5 Kc7 41. a3 Kc8 42. Kxb6 Kb8 43. a4 Ka8 44. Kc7 Ka7 45. b4 Ka8 46. b5 Ka7
47. a5 Ka8 48. a6 Ka7 49. axb7 1/2-1/2

[Event "chess.com SpeedChess Q1Sw"]
[Site "chess.com INT"]
[Date "2022.11.10"]
[Round "9"]
[White "Vokhidov, Shamsiddin"]
[Black "Samadov, Read"]
[Result "1-0"]
[WhiteTitle "GM"]
[BlackTitle "FM"]
[WhiteElo "2568"]
[BlackElo "2450"]
[WhiteFideId "14204223"]
[BlackFideId "13417444"]
[EventDate "2022.11.10"]

1. e4 c6 2. Nc3 d5 3. Nf3 dxe4 4. Nxe4 Nf6 5. Qe2 Nxe4 6. Qxe4 Nd7 7. Bc4 Nf6 8.
Ne5 e6 9. Qe2 b5 10. Bd3 Qc7 11. a4 b4 12. Nxc6 a6 13. Nd4 Bd6 14. Nf5 Bb7 15.
Nxd6+ Qxd6 16. O-O h5 17. f3 h4 18. Bc4 h3 19. g3 Qd4+ 20. Rf2 Rh5 21. c3 Qb6
22. d4 Rc8 23. Bd2 bxc3 24. bxc3 Qc6 25. Bb3 Rf5 26. a5 Kf8 27. Bc2 Rd5 28. Be4
Nxe4 29. fxe4 Rd7 30. Re1 Kg8 31. Qh5 f5 32. d5 exd5 33. Qxf5 dxe4 34. Be3 Qd5
35. Qxh3 Rxc3 36. Ref1 Rc8 37. Rd2 Qxd2 38. Bxd2 Rxd2 39. Qe6+ Kh8 40. Qf7 Ba8
41. Qh5+ Kg8 42. Qf5 Rcd8 43. Qe6+ Kh8 44. Rf5 Rd1+ 45. Kg2 e3+ 46. Kh3 R1d5 47.
Rxd5 Bxd5 48. Qxe3 Kg8 49. Qb6 Ra8 50. Kh4 Kf7 51. g4 Rh8+ 52. Kg3 Rh6 53. Qc7+
Kg8 54. Qd8+ 1-0

[Event "chess.com SpeedChess Q1Sw"]
[Site "chess.com INT"]
[Date "2022.11.10"]
[Round "9"]
[White "Klukin, Kirill"]
[Black "Pakleza, Zbigniew"]
[Result "0-1"]
[WhiteTitle "IM"]
[BlackTitle "GM"]
[WhiteElo "2390"]
[BlackElo "2496"]
[WhiteFideId "24199273"]
[BlackFideId "1119290"]
[EventDate "2022.11.10"]

1. d4 d6 2. Nf3 Bg4 3. Nbd2 Nf6 4. h3 Bf5 5. e3 h6 6. b3 e6 7. Bb2 d5 8. Bd3
Bxd3 9. cxd3 Nbd7 10. O-O Be7 11. Ne5 O-O 12. f4 c5 13. Ndf3 Rc8 14. Rc1 Qa5 15.
a3 Qb6 16. g4 Nxe5 17. Nxe5 Qd8 18. f5 exf5 19. Rxf5 cxd4 20. Bxd4 Bxa3 21. Ra1
Bc5 22. Qf3 Bxd4 23. exd4 Qb6 24. Qe3 Rfe8 25. Raf1 Rc2 26. Kh1 Qxb3 27. Qf4
Rxe5 28. dxe5 Qxd3 29. Qf3 Qxf3+ 30. R1xf3 Ne4 31. Rxf7 Ng5 32. Rf8+ Kh7 33. Rf2
Rc3 34. h4 Ne4 35. R2f3 Rc1+ 36. Kg2 Re1 37. e6 Nf6 38. g5 hxg5 39. hxg5 Nh5 40.
Rh3 Kg6 41. Rf7 Rxe6 42. Rf8 Re4 43. Rhf3 b5 44. R8f7 a5 45. Rb7 b4 46. Rb6+
Kxg5 47. Rb5 Nf4+ 48. Kg3 g6 49. Rxa5 Rd4 50. Rb5 Nh5+ 51. Kf2 Nf6 52. Rg3+ Kf5
53. Rf3+ Ke5 54. Rg3 Ne4+ 55. Kf3 Nxg3 56. Kxg3 Rc4 57. Kf3 Kd4 58. Ke2 Kc3 59.
Rxd5 b3 60. Rd3+ Kb4 61. Rg3 b2 0-1

[Event "chess.com SpeedChess Q1Sw"]
[Site "chess.com INT"]
[Date "2022.11.10"]
[Round "9"]
[White "Bok, Benjamin"]
[Black "Yuan, Qingyu"]
[Result "0-1"]
[WhiteTitle "GM"]
[WhiteElo "2618"]
[BlackElo "2373"]
[WhiteFideId "1017063"]
[BlackFideId "8609772"]
[EventDate "2022.11.10"]

1. d4 d5 2. c4 e6 3. Nc3 Nf6 4. cxd5 exd5 5. Bg5 c6 6. e3 h6 7. Bh4 Be7 8. Bd3
O-O 9. Nge2 Re8 10. O-O Nbd7 11. a4 a5 12. f3 Nb8 13. Qc2 Na6 14. Bxa6 Rxa6 15.
e4 dxe4 16. fxe4 Nxe4 17. Bxe7 Qxe7 18. Nf4 Nf6 19. h3 Qe3+ 20. Qf2 Qxf2+ 21.
Rxf2 Be6 22. Re1 Rb6 23. Rfe2 Bd7 24. Nd3 Rxe2 25. Rxe2 Bf5 26. Nc5 Rb4 27. g4
Bg6 28. Rd2 Nd5 29. Nxd5 cxd5 30. Re2 f6 31. Re7 b6 32. Ne6 Bf7 33. Nd8 Bg6 34.
Ne6 Be4 35. Rxg7+ Kh8 36. Rf7 Rxb2 37. Rxf6 Kh7 38. Kf1 b5 39. axb5 Rxb5 40. h4
a4 41. Rf7+ Kg8 42. Rg7+ Kh8 43. Ra7 Rb6 44. Nc5 Rg6 45. g5 hxg5 46. hxg5 Rxg5
47. Rxa4 Rg4 48. Kf2 Kg7 49. Ke3 Kf6 50. Ra6+ Kf7 51. Ra8 Bh1 52. Ra7+ Ke8 53.
Rh7 Be4 54. Nd7 Rg3+ 55. Kf4 Rf3+ 56. Ke5 Bxh7 57. Nf6+ Rxf6 58. Kxf6 Be4 59.
Ke5 Kd7 0-1